000 00248nam a2200097 a 4500
005 20201002044931.0
008 140404s1972 000 spa d
245 0 _aFlores y blancaflor.
260 _aMadrid -- Libra,
_c1972 -- 187 p.
999 _c43204
_d43204
040 _aDO-SdBNP